Quick Pick: Count to 20 in Italian Quiz Stats

 Plays Quiz Updated Jan 31, 2018

Challenge
Share
Tweet
Embed
Score 0/20 Timer 01:30
2 Plays Today
% Correct
uno
97.8%
tre
97.1%
due
96.2%
quattro
95.2%
nove
91.6%
otto
90%
sei
88.2%
dieci
88.2%
cinque
88.1%
sette
88.1%
% Correct
tredici
85.7%
quattordici
84.2%
quindici
83.8%
sedici
82.1%
dodici
80.6%
diciannove
80.4%
venti
79.7%
undici
79.6%
diciotto
78.3%
diciassette
75%

Today's Daily Dose

Missing Word
Britpop Albums

Word Ladder
Sing It!

On This Day
December 14th II

You're not logged in!

Compare scores with friends on all Sporcle quizzes.
OR
Log In

You Might Also Like...

Show Comments

Extras

Top Quizzes Today


Score Distribution

Your Account Isn't Verified!

In order to create a playlist on Sporcle, you need to verify the email address you used during registration. Go to your Sporcle Settings to finish the process.

Report this User

Report this user for behavior that violates our Community Guidelines.

Details: